रामलीला व अन्य कहानियाँ/ (Record no. 202678)

MARC details
000 -LEADER
fixed length control field 00759 a2200193 4500
005 - DATE AND TIME OF LATEST TRANSACTION
control field 20240802144535.0
010 ## - LCCN (DPL NO)
LC control number B-758948
020 ## - INTERNATIONAL STANDARD BOOK NUMBER
International Standard Book Number 9789384342210
Terms of availability 350.00
035 ## - SYSTEM CONTROL NUMBER
System control number B-758948
037 ## - SOURCE OF ACQUISITION
Source of stock number/acquisition उपहार
082 ## - DEWEY DECIMAL CLASSIFICATION NUMBER
Classification number
100 ## - MAIN ENTRY--PERSONAL NAME
Personal name प्रेमचंद
245 ## - TITLE STATEMENT
Title रामलीला व अन्य कहानियाँ/
Statement of responsibility, etc प्रेमचंद
260 ## - PUBLICATION, DISTRIBUTION, ETC. (IMPRINT)
Place of publication, distribution, etc दिल्ली
Name of publisher, distributor, etc गुंजन प्रकाशन
Date of publication, distribution, etc 2022
270 ## - ADDRESS
Address 77/1 ईस्ट आजाद नगर
City दिल्ली
Postal code 110051
300 ## - PHYSICAL DESCRIPTION
Extent 95 पृष्ठ.;
Dimensions 22cm. (साजिल्द)
942 ## - ADDED ENTRY ELEMENTS (KOHA)
Institution code [OBSOLETE] dpl
Item type Children Books
Source of classification or shelving scheme Dewey Decimal Classification
Classification part
Call number suffix प्रेमचं
Holdings
Withdrawn status Lost status Not for loan Collection code Home library Current library Date acquired Source of acquisition Cost, normal purchase price Full call number Barcode Cost, replacement price Koha item type Public note
      Fiction Central Library Central Library 06/05/2024 उपहार /29.4.24 350.00 क प्रेमचं B-758948 350.00 Children Books उपहार

© Delhi Public Library
Hit Counter
free hit counter